| 000 | 01137nam a2200241 a 4500 | ||
|---|---|---|---|
| 005 | 20200104041504.0 | ||
| 008 | 140113b2003 ck ||||| |||| 00| 0 spa d | ||
| 020 | _a9587012917 | ||
| 040 |
_cCO.-BoIH _aCO-BoIAVH |
||
| 041 | _aspa | ||
| 044 | _ack | ||
| 082 | 0 | 4 |
_a333.7071 _bB51c |
| 090 |
_aLB _b03256 |
||
| 100 | 1 | _aBermúdez Guerrero, Olga María | |
| 245 | 1 | 0 |
_aCultura y ambiente : _bla educación ambiental, contextos y perspectivas/ _cOlga María Bermúdez Guerrero |
| 260 |
_aBogotá: _bUniversidad Nacional de Colombia, _bIDEA, _c2003. |
||
| 300 |
_a153 p. _c25 cm. |
||
| 490 | _aIdeas 2 | ||
| 505 | _aElementos conceptuales -- El concepto de ambiente. El desarrollo sostenible. Que se entiende por educación ambiental. Educación ambiental en el contexto internacional. Educación ambiental a nivel nacional. Objetivos de la Educación ambiental. Soportes de la educación ambiental. Orientaciones. Educación ambiental en la ciudad. Incorporación de la educación ambiental en los diferentes niveles de enseñanza. | ||
| 650 | 6 | _aEducación ambiental | |
| 942 |
_cLIBRO _2ddc _04 |
||
| 945 | _d2003-09-22 | ||
| 999 |
_c17 _d17 |
||